000 00479nam a2200169Ia 4500
008 230917s9999||||xx |||||||||||||| ||und||
020 _cRS750
040 _e252942
_aMAIN
041 _aEnglish
082 _a333.79 Y46E
100 _aYerramilli, Anjaneyulu
245 0 _aEnergy resources, utilization and technologies
260 _aHyderabad
_bBS PPublications
_c2017
300 _axxiii, 549 p.
500 _a3393 02/01/2019 RBP19/73487 14/01/2019 Main Budget
942 _cBK
999 _c29800
_d29800